Workshop Technology (Manufacturing Processes) (Record no. 11529)

MARC details
000 -LEADER
fixed length control field 00402nam a22001697a 4500
003 - CONTROL NUMBER IDENTIFIER
control field OSt
008 - FIXED-LENGTH DATA ELEMENTS--GENERAL INFORMATION
fixed length control field 220910b ||||| |||| 00| 0 eng d
020 ## - INTERNATIONAL STANDARD BOOK NUMBER
International Standard Book Number 9788131806975
082 ## - DEWEY DECIMAL CLASSIFICATION NUMBER
Classification number 670.423 GAW
100 ## - MAIN ENTRY--PERSONAL NAME
Personal name GARG,SK
245 ## - TITLE STATEMENT
Title Workshop Technology (Manufacturing Processes)
250 ## - EDITION STATEMENT
Edition statement 4th
260 ## - PUBLICATION, DISTRIBUTION, ETC. (IMPRINT)
Place of publication, distribution, etc New Delhi
Name of publisher, distributor, etc University Press
Date of publication, distribution, etc 2020
300 ## - PHYSICAL DESCRIPTION
Extent 542
650 ## - SUBJECT ADDED ENTRY--TOPICAL TERM
Topical term or geographic name as entry element ME
942 ## - ADDED ENTRY ELEMENTS (KOHA)
Source of classification or shelving scheme Dewey Decimal Classification
Koha item type Text Books
Holdings
Withdrawn status Lost status Source of classification or shelving scheme Damaged status Not for loan Collection code Home library Current library Date acquired Source of acquisition Currency Cost, normal purchase price Bill Number Total Checkouts Full call number Acc. no. / Barcode Date last seen Actual Cost, discounted price Bill Date Koha item type Date last borrowed
    Dewey Decimal Classification     B.Tech(ME) PIET C-LIBRARY PIET C-LIBRARY 02/09/2022 Kirti Praskshan IN Rupees 525.00 IN900   670.423 GAW 33957 10/09/2022 393.75 02/09/2022 Text Books  
    Dewey Decimal Classification     B.Tech(ME) PIET C-LIBRARY PIET C-LIBRARY 02/09/2022 Kirti Praskshan IN Rupees 525.00 IN900 1 670.423 GAW 33958 08/07/2025 393.75 02/09/2022 Text Books 19/09/2024
    Dewey Decimal Classification     B.Tech(ME) PIET C-LIBRARY PIET C-LIBRARY 02/09/2022 Kirti Praskshan IN Rupees 525.00 IN900   670.423 GAW 33959 10/09/2022 393.75 02/09/2022 Text Books  
    Dewey Decimal Classification     B.Tech(ME) PIET C-LIBRARY PIET C-LIBRARY 02/09/2022 Kirti Praskshan IN Rupees 525.00 IN900   670.423 GAW 33960 10/09/2022 393.75 02/09/2022 Text Books  
    Dewey Decimal Classification     B.Tech(ME) PIET C-LIBRARY PIET C-LIBRARY 02/09/2022 Kirti Praskshan IN Rupees 525.00 IN900   670.423 GAW 33961 10/09/2022 393.75 02/09/2022 Text Books  

Design & Developed by: PIET Central Library
R70 Miles Stone Pattikalyana Samalkha Panipat 132102
mail ID :- [email protected], Phone No:- 0180-2569700 Ex.216